Statistics for Teams that have reached world cup qfs from 1986

Click here to take the quiz!

General Stats

  • This quiz has been taken 5 times
  • The average score is 26 of 31

Answer Stats

Times they have done itNational Teams% Correct
8Germany
100%
2Sweden
100%
1USA
100%
1Turkey
100%
1Portugal
100%
7Brazil
100%
1Colombia
100%
1Russia
100%
2Croatia
100%
1Mexico
100%
2Uruguay
100%
4Spain
100%
6Argentina
100%
3Belgium
100%
5England
100%
4France
100%
4Italy
100%
4Netherlands
100%
1Paraguay
80%
1South Korea
80%
1Denmark
80%
1Ireland
80%
1Ukraine
60%
1Bulgaria
60%
1Yugoslavia
60%
1Czechoslovakia
60%
1Costa Rica
40%
1Senegal
40%
1Romania
40%
1Cameroon
40%
1Ghana
40%

Score Distribution

Percentile by Number Answered

Percent of People with Each Score

Your Score History

You have not taken this quiz